Chaos an Introduction to Dynamical Systems (Record no. 531017)

000 -LEADER
fixed length control field 00362nam a2200133Ia 4500
008 - FIXED-LENGTH DATA ELEMENTS--GENERAL INFORMATION
fixed length control field 191014s9999 xx 000 0 und d
020 ## - INTERNATIONAL STANDARD BOOK NUMBER
International Standard Book Number 81-8128-408-9
082 ## - DEWEY DECIMAL CLASSIFICATION NUMBER
Classification number 3.85
Author Mark ALL
100 ## - MAIN ENTRY--PERSONAL NAME
Personal name Kathleen T. Alligood
9 (RLIN) 20435
245 #0 - TITLE STATEMENT
Title Chaos an Introduction to Dynamical Systems
260 ## - PUBLICATION, DISTRIBUTION, ETC.
Place of publication, distribution, etc. New York
Name of publisher, distributor, etc. Springer-Verlag
Date of publication, distribution, etc. 1996
300 ## - PHYSICAL DESCRIPTION
Extent Xvii,603
942 ## - ADDED ENTRY ELEMENTS (KOHA)
Koha item type Book
Holdings
Withdrawn status Lost status Damaged status Not for loan Permanent Location Current Location Date acquired Source of acquisition Cost, normal purchase price Total Checkouts Full call number Barcode Checked out Date last seen Date last checked out Price effective from Koha item type
        School of Natural Sciences (SNS) School of Natural Sciences (SNS) 10/15/2019 Donation 0.00 1 3.85ALL SNS0002794 05/28/2024 01/29/2024 01/29/2024 10/15/2019 Book
© 2023 Central Library, National University of Sciences and Technology. All Rights Reserved.